000 00909nam0a22002411 4500
001 rc\432199
005 20030616170820.2
035 _a(NLR Aleph) 005678837
090 _a7052958
_c7052958
100 _a20030616d1987 u |0rusy50 ca
101 0 _arus
102 _aRU
105 _aa |||||||||
200 1 _aОбеспечение эргономичности торгово-технологического оборудования
_eТекст лекций
_fМ-во высш. и сред. спец. образования РСФСР, Ленингр. технол. ин-т холодил. пром-сти
210 _aЛ.
_cЛТИХП
_d1987
215 _a37 с.
_cил.
_d20
320 _aБиблиогр.: с. 37
700 1 _aКуделев
_bГ. П.
_gГеоргий Петрович
801 0 _aRU
_bNLR
_gpsbo
801 1 _aRU
_bELAR
_2rusmarc
852 _aNLR
_j88-4/22600
942 _cBOOK
980 _aNB